| 000 | 01590nam a2200373Ia 4500 | ||
|---|---|---|---|
| 001 | ebr10201358 | ||
| 003 | CaPaEBR | ||
| 006 | m u | ||
| 007 | cr cn||||||||| | ||
| 008 | 060816s2006 si a sb 110 0 eng d | ||
| 010 | _z 2006298053 | ||
| 020 | _z9812568050 | ||
| 020 | _z9789812568052 | ||
| 020 | _z9789812773609 | ||
| 040 |
_aCaPaEBR _cCaPaEBR |
||
| 035 | _a(OCoLC)560451077 | ||
| 050 | 1 | 4 |
_aQA329.42 _b.A52 2006eb |
| 082 | 0 | 4 |
_a515/.7242 _222 |
| 245 | 0 | 0 |
_aAnalysis, geometry and topology of elliptic operators _h[electronic resource] / _ceditors, Bernhelm Booss-Bavnbek ... [et al.]. |
| 260 |
_aSingapore ; _aHackensack, NJ : _bWorld Scientific, _cc2006. |
||
| 300 |
_axi, 540 p. : _bill. |
||
| 500 | _a"On May 20-22, 2005, a workshop was held at Roskilde University in Denmark to honour Krzysztof P. Wojciechowski on his 50th birthday. This volume collects the papers of that workshop"--P. ix. | ||
| 504 | _aIncludes bibliographical references. | ||
| 533 |
_aElectronic reproduction. _bPalo Alto, Calif. : _cebrary, _d2009. _nAvailable via World Wide Web. _nAccess may be limited to ebrary affiliated libraries. |
||
| 650 | 0 | _aElliptic operators. | |
| 650 | 0 | _aDifferential equations, Elliptic. | |
| 650 | 0 | _aTopology. | |
| 650 | 0 | _aBoundary value problems. | |
| 655 | 7 |
_aElectronic books. _2local |
|
| 700 | 1 |
_aBooss, Bernhelm, _d1941- |
|
| 700 | 1 |
_aWojciechowski, Krzysztof P., _d1953- |
|
| 710 | 2 | _aebrary, Inc. | |
| 856 | 4 | 0 |
_uhttp://site.ebrary.com/lib/rucke/Doc?id=10201358 _zAn electronic book accessible through the World Wide Web; click to view |
| 999 |
_c223265 _d223265 |
||